01256 2200385 4500001002100000005001500021035002000036007000300056008004100059020002200100040002200122082001500144084001700159100003200176245015300208250002600361300002800387650002300415700003300438700002700471850001200498264007900510336002100589337003000610338002300640041001300663546005500676090001900731990002000750990002000770990002000790990002000810990002000830990002000850INLIS00000000088562620240416125324 a0010-0424000253ta240416s2023 jkia b 1 ind d a978-623-112-558-0 aYOPDYOGbinderda04223a028.55 a028.55 SIT g0 aSiti NurhidayatiePengarang10aGula kethak jajanan khas kulon progo = gula ketak jajanan khas kulon progo /cSiti Nurhidayati; ilustrator, Banuarli Ambardi; penyunting, Nuryantini aCetakan Pertama, 2023 aii, 20 halaman ;c30 cm 4aBacaan kanak-kanak0 aBanuarli AmbardieIlustrator0 aNuryantiniePenyunting aYOPDYOG31aJakarta :bKementerian Pendidikan, Kebudayaan, Riset, dan Teknologi,c2023 2rdacontentateks 2rdamediaatanpa perantara 2rdacarrieravolume ajavhind aTeks terdiri dari Bahasa Jawa dan Bahasa Indonesia aK 028.55 SIT g a71850-PD/A.2024 a71851-PD/A.2024 a71850-PD/A.2024 a71851-PD/A.2024 a71851-PD/A.2024 a71850-PD/A.2024